Spanish Vegetable Vocabulary Words Quiz - Statistics

General Stats
  • This quiz has been taken 6,240 times
  • The average score is 18 of 28
Answer Stats
español English % Correct
bróculi broccoli
96%
tomate tomato
96%
maíz corn
95%
espinaca spinach
89%
frijoles beans
87%
papa potato
87%
cebolla onion
85%
zanahoria carrot
84%
lechuga lettuce
83%
aguacate avocado
80%
pimiento rojo red pepper
80%
ajo garlic
78%
coriflor cauliflower
77%
espárrago asparagus
73%
champiñón mushroom
68%
ruibarbo rhubarb
65%
lenteja lentil
64%
tapioca tapioca
62%
jengibre ginger
45%
guisante pea
42%
calabaza pumpkin
42%
repollo cabbage
40%
rábano radish
36%
apio celery
33%
alcachofa artichoke
30%
perejil parsley
28%
semilla de soja soybean
24%
nabo turnip
23%
No matching quizzes found
Score Distribution
Percent of People with Each Score
Percentile by Number Answered
Your Score History
You have not taken this quiz